000
00265nam a2200121Ia 4500
008
190216s9999||||xx |||||||||||||| ||und||
100
_a
Gangadar Mehar
245
0
_a
Hindi-Thabaswini
260
_b
Rajadhani
_c
2005
300
_a
138
650
_a
Hindi
942
_c
BK
999
_c
16709
_d
16709